banner-ar

سر الصحراء الكبرى : (Record no. 62885)

MARC details
000 -الفاتح
حقل البيانات ثابتة الطول 01134nam a22002777a 4500
005 - وقت وتاريخ اخر تعامل مع التسجيلة
رقم الضبط 20240530110612.0
008 - عناصر البيانات ثابتة الطول - معلومات عامة
حقل البيانات ثابتة الطول 160903s2013 au ao g 000 0dara d
017 ## - رقم الايداع القانونى
رقم الايداع القانونى 13428/2012
المصدر ( الهيئة المختصة) مصر . دار الكتب المصرية
020 ## - الرقم الدولى المعيارى للكتب
الرقم الدولى المعيارى للكتاب 9789772161850
040 ## - مصدر الفهرسة
وكالة الفهرسة الأصلية EG-CaGPL
082 04 - رقم تصنيف ديوى العشرى
رقم الطبعة 21
رقم التصنيف 916.12\
رقم المادة ف س
100 1# - المدخل الرئيسى - إسم شخصى
الإسم الشخصى فوربس ، روزيتا .
245 10 - بيان العنوان
العنوان سر الصحراء الكبرى :
بقية العنوان الكفرة /
بيان المسئوليه,etc تاليف روزيتا فوربس ؛ ترجمة و تقديم صبرى محمد حسن ؛ مراجعة يوسف فايد .
250 ## - بيان الطبعة
بيان الطبعة ط1.
260 ## - PUBLICATION, DISTRIBUTION, ETC. (IMPRINT)
تاريخ النشر أو التوزيع 2013 .
300 ## - الوصف المادى
التعداد 480 ص :
تفاصيل ماديه اخرى للوعاء ايض ؛
أبعاد الوعاء 24 سم .
490 0# - بيان السلسلة
عنوان السلسلة المشروع القومي للترجمه
رقم المجلد/ التعيين التسلسلي 1920 .
650 04 - المدخل الاضافى بالموضوع-مصطلح موضوعى
مصطلح موضوعي الصحراء الكبرى .
650 04 - المدخل الاضافى بالموضوع-مصطلح موضوعى
مصطلح موضوعي الجبال .
650 04 - المدخل الاضافى بالموضوع-مصطلح موضوعى
مصطلح موضوعي الرحله و الرحالات .
651 04 - المدخل الاضافى بالموضوع - اسم جغرافى
الاسم الجغرافي ليبيا
التقسيم الفرعي العام الصحراء .
700 0# - المدخل الاضافى - اسم شخصى
الإسم الشخصى صبرى محمد حسن
الدور مترجم و مقدم
700 0# - المدخل الاضافى - اسم شخصى
الإسم الشخصى يوسف فايد
الدور مراجع
942 ## - عناصر المدخل الإضافي( كوها)
مصدر التصنيف او مخطط الترفيف Dewey Decimal Classification
Koha [default] item type كتاب
260 ## - PUBLICATION, DISTRIBUTION, ETC. (IMPRINT)
-- القاهرة :
-- المركز القومى للترجمة ،
Holdings
حالة التراجع حالة الفقد حالة تلف ليس للاعارة المكان المؤقت الموقع الحالى موقع الترفيف تاريخ الاكتساب اجمالي اﻻعارات رقم الطلب الباركود تاريخ اخر مشاهدة تاريخ تفعيل السعر نوع وعاء كوها
        مكتبة القاهرة الكبرى مكتبة القاهرة الكبرى القاعة الرئيسية 11/23/2016   916.12\ ف س 162788 11/23/2016 11/23/2016 كتاب

Powered By

EGPV